| 000 | 004020000a22001450004500 | ||
|---|---|---|---|
| 003 | LK-CoMWRAF | ||
| 008 | 230817t ||||| |||| 00| 0 eng d | ||
| 040 |
_aLK-CoMWRAF _dLK-CoMWRAF _eLK-CoMWRAF |
||
| 041 | _aeng | ||
| 082 |
_a700 _bJOU |
||
| 245 |
_aJournal of the Royal Asiatic Society of Sri Lanka _b |
||
| 260 |
_bRoyal Asiatic Society of Sri Lanka _aSri Lanka _c1999 |
||
| 300 | _ap.252 | ||
| 942 | _cBK | ||
| 999 |
_c1124 _d1124 |
||